00483 a2200181 450000100060000002000150000604000240002110000170004524000280006224500230009030000080011336200090012144000120013065000310014294200070017395201040018099900170028470058 a8508094477 cAnchieta - Itaigara aManuel Filho10aO ouro do fantasmalpor10aO ouro do fantasma a1360 a2004 1aÁtica 4aLiteratura infanto-juvenil cBK 00104070a88.1b88.1d2023-11-21l0o028.5 MAN OURp3084/ITAr2023-11-21 20:04:54w2023-11-21yBK c70058d70058